| 000 | 00542nam a2200217Ia 4500 | ||
|---|---|---|---|
| 003 | OSt | ||
| 005 | 20230408105349.0 | ||
| 008 | 210423s2017 xx 000 0 und d | ||
| 020 | _a978-93-86105-36-3 | ||
| 040 | _cAL | ||
| 041 | _aeng | ||
| 082 |
_a428.0071 _223 _bPETI |
||
| 100 |
_aPETER (Francis) _984814 |
||
| 245 | _aIndian voices in ELT | ||
| 260 |
_aNew Delhi _bViva Books Pvt Ltd _c2017 |
||
| 300 |
_ax,269 _bPB |
||
| 365 |
_b695 _cINR |
||
| 650 |
_aEnglish Usage _984815 |
||
| 906 | _aELT ; Indian ; voices | ||
| 942 |
_2ddc _cBK |
||
| 999 |
_c169388 _d169388 |
||